Responses for show #8323 - Wednesday, January 27, 2021

Brian Chang game 7.

Contestants

[<< previous game]

Erica Holencik, a provider data specialist from Portland, Oregon

Alex Cohn, a psychiatry resident physician from Los Angeles, California

Brian Chang, an attorney from Chicago, Illinois (whose 6-day cash winnings total $147,304)

[next game >>]

Jeopardy! Round responses

STATE CAPITALS
OCCUPATIONS
BLUE'S CLUES
WORD ORIGINS
THE GRAMM"E"S
BOOKS BY PRESIDENTS
    $200 10
Atlanta

Erica
    $200 30
a switchboard operator

Brian
    $200 21
blue cheese

Brian
    $200 18
sushi

Brian
    $200 29
the Eagles

Erica
    $200 17
(Alex: Uh, who is, uh, George W. Bush?)

Jimmy Carter

AlexErica
    $400 11
Des Moines

Brian
    $400 25
undertakers

Alex
    $400 24
Twitter

Brian
    $400 15
opus

Brian
    $400 28
Billie Eilish

Brian
    $400 27
(Alex: Uh, who is Obama?)

Gerald Ford

Alex
Triple Stumper
    $600 23
(Brian: What is Boston?)

Richmond

BrianErica
    $600 14
silversmith

Brian
    $600 12
denim

Brian
    $600 6
(Alex: What is narly?)
...
(Ken: What is totally [*] that clue?)
[Laughter]

bogus

Alex
Triple Stumper
    $600 19
Eminem

Alex
    $600 26
Herbert Hoover

Triple Stumper
    $800 2
Bismarck

Brian
    $800 8
a stevedore

Alex
    $800 4
the Blue Man Group

Alex
    $800 3
a cinder block

Brian
    $800 7
(Duke) Ellington

Brian
    $3,400 13
(Brian: Who is Garfield?)

(General) Ulysses S. Grant

Brian
    $1000 1
Santa Fe, New Mexico

Triple Stumper
    $1000 9
a primatologist

Erica
    $1000 22
Krishna

Triple Stumper
    $1000 5
naughty

Triple Stumper
    $1000 16
Exodus

Erica
    $1000 20
Buchanan

Erica

Scores at the first commercial break (after clue 15):

Brian Alex Erica
$1,000 $1,000 $1,200

Scores at the end of the Jeopardy! Round:

Brian Alex Erica
$1,800 $1,400 $4,200

Double Jeopardy! Round responses

LITERARY VACATIONS
FUNNY BUSINESS
SCIENCE & NATURE
WORDS WITH "FER" ENDS
COULD YOU?
CORSICAN
    $400 30
the 1980s

Alex
    $400 29
Philadelphia

Brian
    $400 28
a black hole

Brian
    $400 27
a bodysurfer

Brian
    $400 26
an uppercut

Alex
    $400 2
Napoleon

Erica
    $800 23
(Alex: What is the Orient Express?)

Death on the Nile

AlexErica
    $800 14
Eurovision

Brian
    $800 16
magnesium

Brian
    $800 19
a buffer

Brian
    $800 25
bitters

Brian
    $800 3
(Brian: What is mafia?)

Connection

BrianAlex
    $3,800 6
(Ken: That's right; there in Florence.)

the Arno

Alex
    $1200 17
Rebel Wilson

Brian
    $1200 15
vertebra

Alex
    $1200 8
coffer

Brian
    $1200 20
a tightrope

Alex
    $1200 24
tenor

Brian
    $1600 1
Fitzgerald

Erica
    $1600 13
Kenan Thompson

Alex
    $1600 9
aphids

Brian
    $1600 5
a heifer

Alex
    $1600 18
SimCity

Triple Stumper
    $2,000 22
vendetta

Alex
    $2000 4
(Ken: Yes, How Stella Got Her Groove Back.)

(Terry) McMillan

Brian
    $2000 11
Dave Chappelle

Triple Stumper
    $2000 10
the thyroid

Alex
    $2000 7
aquifer

Brian
    $2000 12
a clavier

Brian
    $2000 21
George III

Triple Stumper

Scores at the end of the Double Jeopardy! Round:

Brian Alex Erica
$16,600 $15,600 $7,000

[wagering suggestions for these scores]

Final Jeopardy! Round responses

THE WILD WEST
(Ken: One of these deaths happened at the poker table; the other in battle.)
...
(Ken: The other one, as Alex knew, was [*]. Just a month earlier.)
EricaWho are Wild Bill + Sitting Bul?
$6,950
AlexWho was Custard and Sitting Bull?
$15,000
BrianWho are Hickock & Crockett?
$0
(George Armstrong) Custer & (Wild Bill) Hickok

Final scores:

Brian Alex Erica
$16,600 $600 $50
7-day champion: $163,904 2nd place: $2,000 3rd place: $1,000

Game dynamics:

Coryat scores:

Brian Alex Erica
$20,000 $12,600 $7,000
26 R,
3 W
(including 1 DD)
14 R
(including 2 DDs),
4 W
10 R,
0 W

Combined Coryat: $39,600

The J! Archive is created by fans, for fans. The Jeopardy! game show and all elements thereof, including but not limited to copyright and trademark thereto, are the property of Jeopardy Productions, Inc. and are protected under law. This website is not affiliated with, sponsored by, or operated by Jeopardy Productions, Inc. Join the discussion at JBoard.tv.